[Event "Werther Schloss op-B 11th"]
[Site "Werther"]
[Date "2005.03.20"]
[Round "4"]
[White "Bax, Ingo"]
[Black "Paneff, Florian"]
[Result "1/2-1/2"]
[WhiteElo "1742"]
[BlackElo "1657"]
[PlyCount "70"]
[EventDate "2005.03.18"]
[EventType "swiss"]
[EventRounds "5"]
[EventCountry "GER"]
[SourceTitle "EXT 2006"]
[Source "ChessBase"]
[SourceDate "2005.11.24"]
[SourceVersion "1"]
[SourceVersionDate "2005.11.24"]
[SourceQuality "1"]

1. e4 e5 2. Nf3 Nc6 3. Bb5 a6 4. Ba4 Bc5 5. c3 b5 6. Bc2 d6 7. h3 Qf6 8. 0-0 h6 9. d3 g5 10. d4 exd4 11. Re1 Nge7 12. e5 dxe5 13. Be4 Rb8 14. Bxc6+ Nxc6 15. Nxe5 Nxe5 16. cxd4 Kf8 17. dxc5 g4 18. Qe2 Nc6 19. hxg4 Be6 20. Nc3 Rg8 21. Qf3 Qxf3 22. Bxh6+ Ke8 23. gxf3 Nd4 24. Re3 Nc2 25. Rxe6+ fxe6 26. Rc1 Nd4 27. Kg2 Ke7 28. Rd1 Nc6 29. Bf4 e5 30. Nd5+ Kf7 31. Be3 Rgd8 32. Rd2 Rbc8 33. Bg5 Rd7 34. a3 Nd4 35. Nc3 Ke6 1/2-1/2

[Event "Werther Schloss op-B 10th"]
[Site "Werther"]
[Date "2004.04.02"]
[Round "1"]
[White "Bax, Ingo"]
[Black "Kraetzer, Ruediger"]
[Result "0-1"]
[WhiteElo "1672"]
[BlackElo "1879"]
[PlyCount "56"]
[EventDate "2004.04.02"]
[EventType "swiss"]
[EventRounds "5"]
[EventCountry "GER"]
[SourceTitle "EXT 2006"]
[Source "ChessBase"]
[SourceDate "2005.11.24"]
[SourceVersion "1"]
[SourceVersionDate "2005.11.24"]
[SourceQuality "1"]

1. e4 e5 2. Nf3 Nc6 3. Bb5 a6 4. Ba4 Nf6 5. 0-0 Nxe4 6. Re1 Nc5 7. Bxc6 dxc6 8. Nxe5 Be7 9. d4 Ne6 10. c3 0-0 11. Qb3 Bd6 12. Nd2 Bxe5 13. Rxe5 b6 14. Nf3 h6 15. Bd2 Bb7 16. Rd1 Qf6 17. Qc2 Rad8 18. Qe4 Rd5 19. c4 Rxe5 20. Nxe5 Rd8 21. Be3 Rd6 22. f4 Qd8 23. f5 Ng5 24. Qg4 c5 25. h4 Nh7 26. Qh5 Qe7 27. Ng4 cxd4 28. f6 Qe4 0-1